The letter in Flora Tristans politics, 1835-1844
Αποθηκεύτηκε σε:
| Κύριος συγγραφέας: | |
|---|---|
| Μορφή: | Βιβλίο |
| Γλώσσα: | English |
| Δημοσίευση: |
Houndmills :
Palgrave Macmillan,
2004
|
| Θέματα: | |
| Ετικέτες: |
Προσθήκη ετικέτας
Δεν υπάρχουν, Καταχωρήστε ετικέτα πρώτοι!
|
MARC
| LEADER | 00000cam a2200000 i 4500 | ||
|---|---|---|---|
| 001 | 1/4645 | ||
| 008 | 100218s2004 eng d | ||
| 020 | |a 0-333-77264-4 | ||
| 035 | |l 10106866 | ||
| 040 | |a GR-MY-UA |b gre |e aacr | ||
| 041 | 0 | |a eng | |
| 082 | 0 | |a 305.42092 |2 (22) | |
| 100 | 1 | |a Cross, Maire. | |
| 245 | 1 | 4 | |a The letter in Flora Tristans politics, 1835-1844 / |c Maire Fedelma Cross |
| 260 | |a Houndmills : |b Palgrave Macmillan, |c 2004 | ||
| 300 | |a viii, 201 σ.; |c 22 εκ. | ||
| 504 | |a Βιβλιογραφία: σ. 185-194 | ||
| 504 | |a Ευρετήριο: σ. 195-201 | ||
| 600 | 1 | 0 | |a Tristan, Flora, |d 1803-1844 |x Correspondence. |
| 650 | 0 | 0 | |a Feminists |z France |x Correspondence. |
| 650 | 0 | 0 | |a Letters |x Women authors. |
| 651 | 0 | |a France |x Politics and government |y 1830-1848. | |
| 852 | |a INST |b LESVOS |e 20100218 |h 305.42092 CRO |p 005100046087 |q 005100046087 |t BK |y 0 | ||
| 901 | |a BIBL1-2010-1 | ||
| 909 | |a Λ |b 162860 | ||
| 970 | |a ΓΙΑΛΑΜΑ |b ΜΑΡΙΑ |z 2010/02/18 | ||